Normal view
MARC view
Entry Geographic Name
001 - CONTROL NUMBER
- control field: 2420
003 - CONTROL NUMBER IDENTIFIER
- control field: BD-RjUL
005 - DATE AND TIME OF LATEST TRANSACTION
- control field: 20220412151001.0
008 - FIXED-LENGTH DATA ELEMENTS
- fixed length control field: 220412|| aca||aabn | a|a d
040 ## - CATALOGING SOURCE
- Original cataloging agency: BD-RjUL
- Transcribing agency: BD-RjUL
151 ## - HEADING--GEOGRAPHIC NAME
- Geographic name: Bengali story
670 ## - SOURCE DATA FOUND
- Source citation: Work cat.: (BD-RjUL)79692: দেবনাত, অনিমা 2419, অবুঝ প্রেমের গল্প /, ২০২১